000 00876nam a22002297a 4500
999 _c169197
_d169197
003 dpl
005 20191107160919.0
008 191107b ||||| |||| 00| 0 eng d
010 _ab-130405
035 _aB-130405
040 _c0
100 _aJhaverchand, Meghani
_d2003
245 _aA NOBLE HERITAGE:
_bA Collection of short stories on the folklore of Saurashtra/
_cMeghani Jhaverchand, edited by S. Ramakrishnan
_henglish
250 _afirst edition : 2003
260 _amumbai 400 007
_bS. Ramakrishnan , executive secretary bharatiya vidya bhavan ,kulapati munshi marg
_c2003
300 _a114p.
_bill.
_c15cms
500 _aIIILUSTRATION AND DECORATIVE SKETCHES: Pratapsinh jadeja jagdeep smart
501 _acover sketch: pratapsinh jadeja cover design: jagdeep smart
518 _a2003
700 _aS. Ramakrishnan
942 _2ddc
_cEN
_hS
_iMEG
_kS
_mMEG